000 00887nam a22001937a 4500
005 20260416191912.0
008 260416b ||||fr|||| 00| 0 eng d
040 _aCENDOC CAAAP
_bspa
_cCAAAP
041 _aspa
050 _aF 22
_b.U86
100 1 _95882
_aOrtiz, Rosario
245 _aUso, conocimiento y manejo :
_bde algunos recursos naturales en el mundo yucuna /
_cRosario Ortiz
250 _a1ra edición
260 _aQuito, Ecuador :
_bAbya Yala,
_c1994.
300 _a113 páginas :
_bmapas,
_c22 x 16 cm
505 _aContiene: Introducción -- I. Plantas en el mundo yucuna y su utilización -- II. Conocimiento y manejo de los recursos naturales en el mundo yucuna -- III. Familias de plantas y clasificaciones -- IV. Discusión -- Conclusión -- Anexos
650 0 _94
_aPueblos Indígenas
_vConocimiento tradicional
_xRecursos naturales
_zColombia
942 _2lcc
_bDD - MM - AA
999 _c4529
_d4529